<?xml version="1.0" encoding="utf-8"?>
<?xml-stylesheet type='text/xsl' href='./oai2.xsl'?>
<OAI-PMH xmlns="http://www.openarchives.org/OAI/2.0/" xmlns:xsi="http://www.w3.org/2001/XMLSchema-instance" xsi:schemaLocation="http://www.openarchives.org/OAI/2.0/ http://www.openarchives.org/OAI/2.0/OAI-PMH.xsd">
  <responseDate>2026-06-05T06:58:52Z</responseDate>
  <request verb="GetRecord" metadataPrefix="marcxml" identifier="record_kuniweb_21970">https://kulturerbe.niedersachsen.de/oai</request>
  <GetRecord>
    <record>
      <header>
        <identifier>record_kuniweb_21970</identifier>
        <datestamp>2015-06-19T12:07:43Z</datestamp>
        <setSpec>slg0103</setSpec>
      </header>
      <metadata>
        <marc:record xmlns:marc="http://www.loc.gov/MARC21/slim" xsi:schemaLocation="http://www.loc.gov/MARC21/slim http://www.loc.gov/standards/marcxml/schema/MARC21slim.xsd">
          <marc:leader>12345nem  22     uu 4500</marc:leader>
          <marc:controlfield tag="001">21970</marc:controlfield>
          <marc:controlfield tag="003">http://kuniweb.gbv.de</marc:controlfield>
          <marc:controlfield tag="005">2015-04-14T16:03:56</marc:controlfield>
          <marc:controlfield tag="008">|           ||||||||||||||||||||||</marc:controlfield>
          <marc:datafield tag="245" ind1="1" ind2="0">
            <marc:subfield code="a">Niedersachsen</marc:subfield>
          </marc:datafield>
          <marc:datafield tag="700" ind1="1" ind2=" ">
            <marc:subfield code="a">Brüning</marc:subfield>
            <marc:subfield code="d">* 1897 † 1961</marc:subfield>
            <marc:subfield code="e">Vorbild / Ideengeber</marc:subfield>
          </marc:datafield>
          <marc:datafield tag="655" ind1=" " ind2="7">
            <marc:subfield code="a">Karten</marc:subfield>
          </marc:datafield>
          <marc:datafield tag="046" ind1=" " ind2=" ">
            <marc:subfield code="k">1946</marc:subfield>
            <marc:subfield code="k">1946</marc:subfield>
          </marc:datafield>
          <marc:datafield tag="260" ind1=" " ind2=" ">
            <marc:subfield code="g">1946</marc:subfield>
            <marc:subfield code="g">1946</marc:subfield>
          </marc:datafield>
          <marc:datafield tag="300" ind1=" " ind2=" ">
            <marc:subfield code="a">Höhe: 17 cm
Breite: 20 cm</marc:subfield>
          </marc:datafield>
          <marc:datafield tag="520" ind1=" " ind2=" ">
            <marc:subfield code="a">Maßstäbe (in cm): 50 km = 2,9
Ausrichtung: Norden
Rückseite: leer

Anmerkungen: 
Die Karte ist in der Legende deutsch und zusätzlich englisch beschriftet. Sie ist Bestandteil eines geographischen Gutachtens für den Zonenbeirat für die Britische Besatzungszone. Das von den Wissenschaftlern für vernünftig gehaltene Ziel einer "Abrundung" Niedersachsens führte zu dem Vorschlag, Teile Westfalens und Anhalts einzubeziehen. Kleinere Gebiete, nämlich der südwestliche Zipfel Oldenburgs, das rechtselbische Amt Neuhaus und die Exklave Calvörde, konnten abgegeben werden. Entsprechend ist "Das Land Niedersachsen" mit der zusätzlichen englischen Bezeichnung „Nethersaxony as it must be” versehen. – vgl. Karte Niedersachsen 24

Literatur in Zusammenhang:
K. Brüning, „@. Niedersachsen im Rahmen der Neugliederung des Reiches: Denkschrift ; Bd. 1“. Wirtschaftswiss. Ges. zum Studium Niedersachens e. V., Hannover, 1929.

Veröffentlicht in:
K. Brüning, „Das Land Niedersachsen : als Gutachten dem Zonenbeirat für die Britische Besatzungszone am 17. September 1946 vorgelegt = The land of Nethersaxony. The land of Nethersaxony“. Hannover, 1946. (Autoren des Gutachtens waren Kurt Brüning, Ulrich Scheuner und Ernst Wagemann.)</marc:subfield>
          </marc:datafield>
          <marc:datafield tag="650" ind1="1" ind2=" ">
            <marc:subfield code="a">Landkarte</marc:subfield>
          </marc:datafield>
          <marc:datafield tag="773" ind1="0" ind2=" ">
            <marc:subfield code="t">Sammlung Körber-Einbeck</marc:subfield>
          </marc:datafield>
          <marc:datafield tag="852" ind1=" " ind2=" ">
            <marc:subfield code="a">Institut für Historische Landesforschung der Universität Göttingen</marc:subfield>
          </marc:datafield>
          <marc:datafield tag="" ind1=" " ind2=" ">
            <marc:subfield code="a">Namensnennung-Nicht kommerziell 4.0 International (CC BY-NC 4.0))</marc:subfield>
          </marc:datafield>
        </marc:record>
      </metadata>
    </record>
  </GetRecord>
</OAI-PMH>
